| 000 | 00384nam a22001337a 4500 | ||
|---|---|---|---|
| 020 | _a81-7304-271-3 | ||
| 082 |
_a900 _bMAA/B |
||
| 100 | _aMANN, MICHAEL | ||
| 245 |
_aBRITISH RULE ON INDIAN SOIL _bNORTH INDIA IN THE FIRST HALF OF THE NINETEENTH CENTURY |
||
| 260 |
_aDELHI _bMANOHAR PUBLISHERS & DISTRIBUTERS _c1999 |
||
| 300 | _a244 | ||
| 650 |
_aHISTORY REFERENCE _zINDIA |
||
| 942 | _cBK | ||
| 999 |
_c1624 _d1624 |
||